| 000 | 00366cam a22001331 4500 | ||
|---|---|---|---|
| 082 |
_a942 _bBRY _cD |
||
| 100 | 1 |
_aBryant, Arthur, _949103 |
|
| 245 | 1 | 0 | _aEnglish saga (1840-1940) |
| 260 |
_aLondon, _bCollins, with Eyre & Spottiswoode, _c1940. |
||
| 300 |
_axii, 340 p. _c23 cm. |
||
| 526 |
_a0 _b0 _c0 _d942_000000000000000_BRY |
||
| 650 |
_aMCE _9379 |
||
| 942 |
_2ddc _cBK |
||
| 999 |
_c552761 _d552761 |
||